10 Największych Miast Województwa Łódzkiego - Statystyki

Ogólne statystyki
  • Ten quiz został rozwiązany 2 696 razy
  • Średni wynik to 7 z 10
Statystyki odpowiedzi
Lp. Liczba Ludności Miasto % Poprawnych
1. 685,285 Łódź
100%
2. 73,670 Piotrków Trybunalski
86%
3. 65,283 Pabianice
76%
5. 57,432 Bełchatów
71%
6. 56,529 Zgierz
71%
4. 62,649 Tomaszów Mazowiecki
70%
7. 48,178 Skierniewice
64%
10. 42,267 Sieradz
63%
9. 44,172 Kutno
57%
8. 46,087 Radomsko
57%
Nie znaleziono quizów pasujących do podanych kryteriów
Rozkład punktacji
Procent ludzi z każdym wynikiem
Percentyl według liczby udzielonych odpowiedzi
Twoja historia wyników
Nie rozwiązałeś tego quizu